Los orígenes del teatro francés contemporáneo y el Teatro Libre. (Record no. 180826)

MARC details
000 -LEADER
campo de control de longitud fija 01417nab a2200301 i 4500
001 - NÚMERO DE CONTROL
campo de control 180826
003 - IDENTIFICADOR DE NÚMERO DE CONTROL
campo de control ES-MaACL
005 - FECHA Y HORA DE LA ÚLTIMA TRANSACCIÓN
campo de control 20250904063109.0
008 - DATOS DE LONGITUD FIJA--INFORMACIÓN GENERAL
campo de control de longitud fija 120717s1913 sp 000 0 spa d
040 ## - FUENTE DE CATALOGACIÓN
Centro catalogador/agencia de origen Es-MaACL
100 1# - ENTRADA PRINCIPAL--NOMBRE DE PERSONA
Nombre de persona La Tourrasse, Léonel de,
Fechas asociadas al nombre 1861-1930
Término indicativo de función/relación Autor
9 (RLIN) 150982
245 14 - MENCIÓN DEL TÍTULO
Título Los orígenes del teatro francés contemporáneo y el Teatro Libre.
Número de parte o sección de la obra III.
Nombre de parte o sección de la obra Los precursores del teatro contemporáneo en Francia, el teatro de Balzac y de Jorge Sand /
Mención de responsabilidad, etc. conferencias pronunciadas en francés por M. de la Tourrasse ; versión española por Eduardo García Bote
300 ## - DESCRIPCIÓN FÍSICA
Extensión Páginas 1-20
594 ## - Nota al título y mención de responsabilidad
Nota al título y mención de responsabilidad Precede al título: Conferencias en la Universidad Central
599 ## - NOTA A LAS ILUSTRACIONES
Nota Retrato del autor en portada
600 10 - PUNTO DE ACCESO ADICIONAL DE MATERIA--NOMBRE DE PERSONA
Nombre de persona Balzac, Honoré de,
Fechas asociadas al nombre 1799-1850-
Subdivisión general Crítica e interpretación
9 (RLIN) 235188
600 10 - PUNTO DE ACCESO ADICIONAL DE MATERIA--NOMBRE DE PERSONA
Nombre de persona Sand, George, 1804-1876,
Fechas asociadas al nombre 1804-1876-
Subdivisión general Crítica e interpretación
9 (RLIN) 242212
610 24 - PUNTO DE ACCESO ADICIONAL DE MATERIA--NOMBRE DE ENTIDAD CORPORATIVA
Nombre de entidad corporativa o nombre de jurisdicción como elemento de entrada Théâtre Libre (Grupo teatral)
9 (RLIN) 139611
650 #4 - PUNTO DE ACCESO ADICIONAL DE MATERIA--TÉRMINO DE MATERIA
Término de materia o nombre geográfico como elemento de entrada Teatro francés-
Subdivisión cronológica S.XIX-
Subdivisión general Historia y crítica
9 (RLIN) 174695
655 #4 - TERMINO DE INDIZACIÓN--GENERO/FORMA
Datos o término principal de género/forma Conferencias
9 (RLIN) 234444
700 1# - ENTRADA AGREGADA--NOMBRE PERSONAL
Nombre de persona García Bote, Eduardo,
Fechas asociadas al nombre 1871-
Término indicativo de función/relación Traductor
9 (RLIN) 54288
710 2# - ENTRADA AGREGADA--NOMBRE DE ENTIDAD CORPORATIVA
Nombre de entidad corporativa o nombre de jurisdicción como elemento de entrada Universidad Central (Madrid)
Término indicativo de función/relación entidad responsable
9 (RLIN) 7084
773 0# - ASIENTO DE ITEM FUENTE
Título La Palabra : revista taquigráfica,
Parte(s) relacionada(s) N. 14 (15 jul. 1913), p. 1-20
Número bibliográfico anfitrión 2879
Número de ítem anfitrión 2987
Número de control del registro 2879
852 4# - LOCALIZACIÓN
Ubicación ES-MaACL
Número de control de estantería T-1347-F-8
itemnumber 187118
942 ## - ELEMENTOS DE ENTRADA SECUNDARIOS (KOHA)
Tipo de ítem Koha Artículo de revista
Fuente del sistema de clasificación o colocación Clasificación decimal universal
Suprimir en OPAC No
955 ## - CATALOGADOR - EDICIÓN
Nombre de catalogador Pilar Fernández Vera
Holdings
Estatus retirado Estado de pérdida Fuente del sistema de clasificación o colocación Estado de daño No para préstamo Colección Biblioteca de origen Biblioteca actual Ubicación en estantería Fecha de adquisición Total de préstamos Signatura topográfica completa Código de barras Visto por última vez Precio de reemplazo Tipo de ítem Koha
    Clasificación decimal universal     Colección de folletos Biblioteca del Ateneo de Madrid Biblioteca del Ateneo de Madrid Depósito folletos 17/07/2012   T-1347-F-8 1190017 23/02/2023 23/02/2023 Folleto